top 10 passers in NBA history - Statistics

General Stats
  • This quiz has been taken 32 times
  • The average score is 6 of 10
Answer Stats
Hint Answer % Correct
2 Chris Paul
90%
1 John Stockton
87%
5 Steve Nash
83%
7 Magic Johnson
80%
3 Jason Kidd
73%
4 LeBron James
70%
9 Russell Westbrook
60%
8 Oscar Robertson
47%
10 Isiah Thomas
33%
6 Mark Jackson
17%
No matching quizzes found
Score Distribution
Percent of People with Each Score
Percentile by Number Answered
Your Score History
You have not taken this quiz